000 01635cam a2200193 4500500
005 20260405085544.0
041 _afre
042 _adc
100 1 0 _aAsselain, Jean-Charles
_eauthor
700 1 0 _aDelfaud, Pierre
_eauthor
700 1 0 _aGuillaume, Pierre
_eauthor
700 1 0 _aGuillaume, Sylvie
_eauthor
700 1 0 _aKintz, Jean-Pierre
_eauthor
700 1 0 _aMougel, François-Charles
_eauthor
245 0 0 _aPrécis d'histoire européenne : Du 19e siècle à nos jours
260 _bArmand Colin,
_c2015.
520 _aCet ouvrage est né de la collaboration d’auteurs venus de disciplines diverses, histoire, bien sûr, mais aussi économie et science politique, collaboration rendue possible par la longue pratique d’un dialogue interdisciplinaire noué notamment à l’Institut d’Études Politiques de Bordeaux. Ayant renoncé à la facilité qui conduit à s’en tenir pour écrire l’histoire européenne à juxtaposer des histoires nationales, cet ouvrage n’échappe pas à cette autre commodité qui est de distinguer, mais sans jamais admettre leur étanchéité, les champs classiques de l’histoire politique, culturelle, économique et sociale. Ce choix découle du respect des compétences des divers auteurs et rend plus accessible pour le lecteur l’approche d’une complexité qui découle de la superposition des différents champs. Dans cette réédition, les auteurs s’interrogent collectivement en conclusion générale sur les fragilités actuelles de l’Europe.
856 4 1 _uhttps://shs.cairn.info/precis-d-histoire-europeenne--9782200601188?lang=fr&redirect-ssocas=7080
999 _c2198487
_d2198487